|
|
|
|
| LEADER |
00621nab a2200169 i 4500 |
| 001 |
misc39658 |
| 005 |
20191106140808.0 |
| 008 |
180709s2003 hu o 0|| zxx d |
| 022 |
|
|
|a 1215-5233
|
| 040 |
|
|
|a SZTE Miscellanea Repozitórium
|b hun
|
| 041 |
|
|
|a zxx
|
| 100 |
1 |
|
|a Beke Judit
|
| 245 |
1 |
2 |
|a A határátlépés öröme és melankóliája (Bíró Yvette [2003]
|h [elektronikus dokumentum] :
|b Nem tiltott határátlépések) /
|c Beke Judit
|
| 260 |
|
|
|c 2003
|
| 300 |
|
|
|a 125-126
|
| 490 |
0 |
|
|a Iskolakultúra
|v 13 No. 10
|
| 856 |
4 |
0 |
|u http://misc.bibl.u-szeged.hu/39658/1/EPA00011_iskolakultura_2003_10_125-126.pdf
|z Dokumentum-elérés
|